Motivácia ako základ pre zvyšovanie pracovných výkonov bakalárska práca

Na minha lista:
Detalhes bibliográficos
Autor principal: Suranová, Lucia
Autor Corporativo: Fakulta podnikového manažmentu EU. Katedra manažmentu
Outros Autores: Skorková, Zuzana, 1979-
Formato: Livro
Idioma:eslovaco
Publicado em: Bratislava 2017
Tags: Adicionar Tag
Sem tags, seja o primeiro a adicionar uma tag!

MARC

LEADER 00000nbm a2200000 4500
001 0232200
005 20171215125749.1
041 0 |a slo 
044 |a SK 
245 1 0 |a Motivácia ako základ pre zvyšovanie pracovných výkonov  |b bakalárska práca  |c Lucia Suranová ; školiteľ: Zuzana Skorková 
264 1 |a Bratislava  |c 2017 
300 |a 45 s. 
100 1 |a Suranová, Lucia 
700 1 |a Skorková, Zuzana, 1979- 
710 2 |a Fakulta podnikového manažmentu EU. Katedra manažmentu